Modern medicine (Record no. 116271)

MARC details
000 -LEADER
campo de control de longitud fija 00571nam a2200181 4500
001 - NÚMERO DE CONTROL
campo de control 116271
003 - IDENTIFICADOR DE NÚMERO DE CONTROL
campo de control ES-MaACL
005 - FECHA Y HORA DE LA ÚLTIMA TRANSACCIÓN
campo de control 20230906190654.0
007 - CAMPO FIJO DE DESCRIPCIÓN FÍSICA--INFORMACIÓN GENERAL
campo de control de longitud fija t|
008 - DATOS DE LONGITUD FIJA--INFORMACIÓN GENERAL
campo de control de longitud fija 061121m19131915xxu r ||||1| eng d
100 1# - ENTRADA PRINCIPAL--NOMBRE DE PERSONA
Nombre de persona Osler, William
Títulos y otros términos asociados al nombre Sir (
Fechas asociadas al nombre 1849-1919)
9 (RLIN) 161659
245 10 - MENCIÓN DEL TÍTULO
Título Modern medicine
Resto del título : its theory and practice /
Mención de responsabilidad, etc. by sir William Osler, Thomas Mc Crac.
250 ## - MENCION DE EDICION
Mención de edición 2ª. ed. thoroughly revised.
260 ## - PUBLICACIÓN, DISTRIBUCIÓN, ETC.
Lugar de publicación, distribución, etc. Philadelphia :
Nombre del editor, distribuidor, etc. Lesand Febiger,
Fecha de publicación, distribución, etc. 1913-1915.
300 ## - DESCRIPCIÓN FÍSICA
Extensión 5 v. ;
Dimensiones 25 cm.
700 1# - ENTRADA AGREGADA--NOMBRE PERSONAL
Nombre de persona Mc Crac, Thomas.
9 (RLIN) 79518
852 ## - LOCALIZACIÓN
Ubicación ES-MaACL
Número de control de estantería B-11537-41
Holdings
Estatus retirado Estado de pérdida Estado de daño No para préstamo Biblioteca de origen Biblioteca actual Ubicación en estantería Fecha de adquisición Fuente de adquisición Total de préstamos Signatura topográfica completa Código de barras Visto por última vez Precio de reemplazo Tipo de ítem Koha
        Biblioteca del Ateneo de Madrid Biblioteca del Ateneo de Madrid Sala Pardo Bazán 17/01/2008     B-11537-41 1121247 23/02/2023 23/02/2023 Libro impreso